Rozhodujúci prínos novej ekonomiky pre ďalšiu globalizáciu svetového hospodárstva
Charakteristika novej ekonomiky v ekonomickej teórii. Analýza vývoja svetového hospodárstva v nadväznosti na presadzovanie súboru najvýraznejších, kvalitatívne nových spoločensko-ekonomických fenoménov, výsledkom pôsobenia ktorých je aj ďalšia etapa v napredovaní našej civilizácie, ako sa táto ekono...
Enregistré dans:
| Auteur principal: | |
|---|---|
| Autres auteurs: | , |
| Format: | Chapitre de livre |
| Langue: | slovaque |
| Sujets: | |
| Tags: |
Pas de tags, Soyez le premier à ajouter un tag!
|
MARC
| LEADER | 00000naa$a2200000$$$4500 | ||
|---|---|---|---|
| 001 | 0043915 | ||
| 005 | 20240502071521.0 | ||
| 041 | 0 | |a slo | |
| 044 | |a SK | ||
| 245 | 1 | 0 | |a Rozhodujúci prínos novej ekonomiky pre ďalšiu globalizáciu svetového hospodárstva |c Peter Baláž, Igor Kosír, Peter Verček |
| 520 | |a Charakteristika novej ekonomiky v ekonomickej teórii. Analýza vývoja svetového hospodárstva v nadväznosti na presadzovanie súboru najvýraznejších, kvalitatívne nových spoločensko-ekonomických fenoménov, výsledkom pôsobenia ktorých je aj ďalšia etapa v napredovaní našej civilizácie, ako sa táto ekonomika v kontexte informačnej spoločnosti chápe. Preceňovanie i podceňovanie fenoménu novej ekonomiky v USA. Mikro a makroekonomický pohľad na novú ekonomiku. | ||
| 610 | 2 | 0 | |a globalizácia |
| 610 | 2 | 0 | |a hospodárstvo svetové |
| 610 | 2 | 0 | |a teórie ekonomické |
| 610 | 2 | 0 | |a ekonomika nová |
| 610 | 2 | 0 | |a spoločnosť informačná |
| 610 | 2 | 0 | |a ekonomika vedomostná |
| 100 | 1 | |a Baláž, Peter | |
| 700 | 1 | |a Kosír, Igor | |
| 700 | 1 | |a Verček, Peter | |